Η πολιτική του σώματος : χορός και κοινωνικότητα στη βόρεια Ελλάδα
Αποθηκεύτηκε σε:
| Κύριος συγγραφέας: | |
|---|---|
| Άλλοι συγγραφείς: | |
| Μορφή: | Βιβλίο |
| Γλώσσα: | Greek English |
| Δημοσίευση: |
Αθήνα :
Αλεξάνδρεια,
1998.
|
| Σειρά: | Εθνογραφίες
|
| Θέματα: | |
| Ετικέτες: |
Προσθήκη ετικέτας
Δεν υπάρχουν, Καταχωρήστε ετικέτα πρώτοι!
|
MARC
| LEADER | 00000cam a2200000 i 4500 | ||
|---|---|---|---|
| 001 | 1/15543 | ||
| 008 | 980616s1998 gr | ||| |||| ||gre|| | ||
| 020 | |a 9602211385 | ||
| 035 | |l 10019866 | ||
| 040 | |a GR-MyUa |b gre |e AACR2 | ||
| 041 | 1 | |a gre |h eng | |
| 082 | 7 | |a 792.809495 |2 (21) | |
| 100 | 1 | |a Cowan, Jane K., |d 1954- | |
| 245 | 1 | 2 | |a Η πολιτική του σώματος : |b χορός και κοινωνικότητα στη βόρεια Ελλάδα / |c Jane K. Cowan ; μετάφραση Κώστας Κουρεμένος ; επιστημονική θεώρηση Ελένη Παπαγαρουφάλη. |
| 260 | |a Αθήνα : |b Αλεξάνδρεια, |c 1998. | ||
| 300 | |a xiv, 258 σ. : |b εικ. ; |c 24 εκ. | ||
| 490 | 1 | |a (Εθνογραφίες) | |
| 500 | |a Περιέχει εισαγωγή για την ελληνική έκδοση με τίτλο: Ο χορός ως κοινωνική πράξη, της Ελένης Παπαγαρουφάλη. | ||
| 504 | |a Βιβλιογραφία: σ. [245]-254. Ευρετήριο. | ||
| 650 | 0 | |a Dance |x Anthropological aspects |z Greece. | |
| 650 | 0 | |a Sex in dance |z Greece. | |
| 651 | 0 | |a Greece |x Social life and customs |y 20th century. | |
| 700 | 1 | |a Παπαγαρουφάλη, Ελένη, |e edtf | |
| 765 | 0 | 8 | |i Μετάφραση του: |t Dance and the body politic in northern Greece / |
| 830 | 0 | |a Εθνογραφίες | |
| 852 | |a INST |b LESVOS |e 19980616 |h 792.809495 COW |p 005100014269 |q 005100014269 |t BK |y 0 | ||
| 852 | |a INST |b LESVOS |e 19980616 |h 792.809495 COW |p 005100014270 |q 005100014270 |t BK |y 0 | ||
| 852 | |a INST |b LESVOS |e 19980616 |h 792.809495 COW |p 005100014271 |q 005100014271 |t BK |y 12 | ||
| 852 | |a INST |b LESVOS |e 19980616 |h 792.809495 COW |p 005100014272 |q 005100014272 |t BK |y 0 | ||
| 852 | |a INST |b LESVOS |e 20000301 |h 792.809495 COW |p 005100023743 |q 005100023743 |t BK |y 0 | ||
| 852 | |a INST |b LESVOS |e 20050921 |h 792.809495 COW |p 005100033537 |q 005100033537 |t BK |y 0 | ||
| 852 | |a INST |b LESVOS |e 20081128 |h 792.809495 COW |p 005100044192 |q 005100044192 |t BK |y 0 | ||
| 852 | |a INST |b LESVOS |e 20110630 |h 792.809495 COW |p 005100048749 |q 005100048749 |t BK |y 0 | ||
| 852 | |a INST |b LESVOS |e 20110630 |h 792.809495 COW |p 005100048750 |q 005100048750 |t BK |y 0 | ||
| 852 | |a INST |b LESVOS |c EUDOXUS |e 20200122 |h 792.809495 COW |p 005100062794 |q 005100062794 |t EDX |y 0 | ||
| 852 | |a INST |b RHODES |e 20131216 |h 792.809495 COW |p 005400035917 |q 005400035917 |t BK |y 0 | ||
| 852 | |a INST |b SAMOS |e 20150126 |h 792.809495 COW |p 005300041361 |q 005300041361 |t BK |y 0 | ||
| 852 | |a INST |b SYROS |e 20131202 |h 792.809495 COW |p 005500011154 |q 005500011154 |t BK |y 0 | ||
| 901 | |a BIBL3-2015-1 | ||
| 901 | |a BIBL5-2013-1 | ||
| 901 | |a BIBL-1998-2 | ||
| 901 | |a BIBL1-2008-3 | ||
| 901 | |a BIBL1-2011-2 | ||
| 901 | |a BIBL4-2013-3 | ||
| 920 | |a Φοιτητική Μέριμνα |y Λέσβος |z 1998-06 | ||
| 920 | |a Εύδοξος |b Παραγγελία |y Λέσβος-ΤΚΑΙ |z 2020-01 | ||
| 922 | |a 1ΕΛΗ |b 199912 |c ΚΠΣ/ΤΚΑ |d Emvasis | ||
| 950 | |a 023-1999-12-18 | ||
| 970 | |a Κοντού |b Παρασκευή |z 02/12/2013 | ||